First to Reach: City Population Milestones - Statistics

General Stats
  • This quiz has been taken 18 times
  • The average score is 17 of 23
Answer Stats
Answer % Correct
London
100%
New York City
100%
Rome
100%
Tokyo
100%
London
94%
London
94%
London
94%
London
94%
New York City
94%
New York City
94%
New York City
94%
Tokyo
94%
Tokyo
94%
Tokyo
94%
Alexandria
88%
Alexandria
88%
Babylon
50%
Uruk
31%
Nineveh
25%
Uruk
25%
Uruk
25%
Çatalhöyük
19%
Eridu
13%
No matching quizzes found
Score Distribution
Percent of People with Each Score
Percentile by Number Answered
Your Score History
You have not taken this quiz